| 000 | 00569nam a2200229Ia 4500 | ||
|---|---|---|---|
| 003 | OSt | ||
| 005 | 20220924135338.0 | ||
| 006 | a|||||r|||| 00| 0 | ||
| 007 | ta | ||
| 008 | 220923b |||||||| |||| 00| 0 ben d | ||
| 024 | _a290630 | ||
| 037 | _cTextual | ||
| 040 |
_aARTS _cARTS _bben |
||
| 041 |
_2ben _aben |
||
| 082 | _aO121,3N07,1, 157L4 | ||
| 100 |
_aMoravia _9210136 |
||
| 245 | 0 | _aLibarpran | |
| 260 | _c1974 | ||
| 650 |
_aITALIAN LITERATURE _962212 |
||
| 942 |
_hO121,3N07,1, 157L4 _cTEXL _2CC |
||
| 999 |
_c440361 _d440361 |
||